The prudentius's epos : a bridge between classicism and latin middle ages /

Guardado en:
Autor Principal: Sicuri, Elisa
Formato: Libro
Publicado: Norderstedt : Grin, 2017
Materias:
Etiquetas: Agregar Etiqueta
Sin Etiquetas, Sea el primero en etiquetar este registro!
LEADER 00629nam a22001935a 4500
001 EHU.bham045621
003 AR-BHAM
005 20190530132612.0
008 130507s2017##################000#0#####d
020 |a 9783668455115 
082 8 7 |a 871.07 
100 1 |a Sicuri, Elisa 
245 1 0 |a The prudentius's epos :  |b a bridge between classicism and latin middle ages /  |c Elisa Sicuri 
260 |a Norderstedt :  |b Grin,  |c 2017 
300 |a 20 p. 
600 1 4 |a Prudencio, Aurelio Clemente 
653 |a Literatura latina-estudio sobre 
653 |a Poesía latina-estudio sobre 
859 |a AR-BHAM  |b BIB. HUMANIDADES - General  |h 871.07  |i Si12  |p 3686.19  |t Ej.1